logo

Bir Sreshtho Munshi Abdur Rouf Library
Jhenaidah Cadet College

Oil in the Middle East: (Record no. 10010)

MARC details
000 -LEADER
fixed length control field 00915cam a22002531 4500
001 - CONTROL NUMBER
JCCL Control Number 10010
003 - CONTROL NUMBER IDENTIFIER
JCCL marc code BD-JhCC
005 - DATE AND TIME OF LATEST TRANSACTION
control field 20180404173246.0
008 - FIXED-LENGTH DATA ELEMENTS--GENERAL INFORMATION
fixed length control field 180404s1967 enkab 000 0 eng
035 ## - SYSTEM CONTROL NUMBER
system control number (OCoLC)483985
-- (BD-JhCC)10010
040 ## - CATALOGING SOURCE
Original cataloging agency DLC
Transcribing agency OClU
Modifying agency OCoLC
-- NjUN
-- OCoLC
-- DLC
-- BD-JhCC
041 ## - LANGUAGE CODE
Language code of Book eng
050 00 - LIBRARY OF CONGRESS CALL NUMBER
Classification number HD9576.A2
Item number L6 1967
082 ## - DEWEY DECIMAL CLASSIFICATION NUMBER
Classification number 338.2/7/2820956
Author mark and Year LON 1967
100 1# - MAIN ENTRY--PERSONAL NAME
Personal name Longrigg, Stephen Hemsley.
245 10 - TITLE STATEMENT
Title Oil in the Middle East:
Remainder of title its discovery and development /
Statement of responsibility, etc Stephen Hemsley Longrigg,
250 ## - EDITION STATEMENT
Edition statement 3rd ed.
260 ## - PUBLICATION, DISTRIBUTION, ETC. (IMPRINT)
Place of publication, distribution, etc London :
-- New York [etc.]
Name of publisher, distributor, etc issued under the auspices of the Royal Institute of International Affairs [by] Oxford U.P.,
Date of publication, distribution, etc 1968 [i.e. 1967].
300 ## - PHYSICAL DESCRIPTION
Pagination xii, 519 p.
Other physical details maps, tables.
Dimensions 23 cm.
650 #0 - SUBJECT ADDED ENTRY--TOPICAL TERM
Topical term or geographic name as entry element Petroleum industry and trade
Geographic subdivision Middle East.
710 2# - ADDED ENTRY--CORPORATE NAME
Corporate name or jurisdiction name as entry element Royal Institute of International Affairs.
942 ## - ADDED ENTRY ELEMENTS (KOHA)
Source of classification or shelving scheme Dewey Decimal Classification
Koha item type Reference
Holdings
Source of classification or shelving scheme Damaged status Not for loan Home library Current library Shelving location Date of accession Total Checkouts Full call number Barcode Date last seen Copy number Koha item type
Dewey Decimal Classification     JCC Rouf Library JCC Rouf Library General Stacks 04/04/2018   338.2/7/2820956 LON 1967 13048 04/04/2018 C-1 Reference

JCC Library | Contacts | JCC Home

Last Update on 23 September 2017
Copyright @ 2017-2020 JCC Rouf Library
Rouf Library, Jhenidah Cadet College (JCC), Bangladesh